| 000 | 00714nam a2200229Ia 4500 | ||
|---|---|---|---|
| 001 | 15907 | ||
| 003 | GE_BSU | ||
| 008 | 181216s||||||||xx |||||||||||||| ||und|| | ||
| 040 | _cGE_BSU | ||
| 080 | _a821.353.1-1 | ||
| 100 | _aხალვაში, ფრიდონ | ||
| 245 | _aსალამი სანაპიროდან | ||
| 245 | _bლექსები | ||
| 245 | _cრედ.ნ.მალაზონია. მხ.ალ.მესხი | ||
| 260 | _aბათუმი | ||
| 260 | _bსახელგამი | ||
| 260 | _c1953 | ||
| 300 | _a103გვ. ; 18სმ | ||
| 653 | _aლექსები | ||
| 653 | _aსალამი სანაპიროდან | ||
| 942 | _cBK | ||
| 999 |
_c49002 _d49002 |
||